Troll Quiz - Statistics

General Stats
  • This quiz has been taken 18 times
  • The average score is 3 of 8
Answer Stats
Question Answer % Correct
Jwhsjsndi Jsmskd
67%
Jsbsj Soish
67%
Jenisbsisnkznsoanakw Hash
33%
Is Kwek,dodm dose,a? Jsbja
33%
Jsnsksn Jwhsjsj
33%
Jabsjshsiankanaj Quekko
33%
Every jdbsj will sjnskajak Orr ksmskaj? Izhai
0%
Djjsnajanekebsj Queuqueuwudjns
0%
No matching quizzes found
Score Distribution
Percent of People with Each Score
Percentile by Number Answered
Your Score History
You have not taken this quiz